[Event "Checkmate Covid Rematch"]
[Site "Chess.com INT"]
[Date "2021.06.06"]
[Round "?"]
[White "Allis, Richard"]
[Black "Shearsby, Jude"]
[Result "1-0"]
[WhiteElo "2052"]
[BlackElo "1673"]
[PlyCount "152"]
[EventDate "2021.06.05"]
[EventType "swiss (blitz)"]
[EventRounds "20"]
[EventCountry "ENG"]
[SourceTitle "CBM 202 Extra"]
[Source "ChessBase"]
[SourceDate "2021.07.31"]
[SourceVersion "1"]
[SourceVersionDate "2021.07.31"]
[SourceQuality "1"]

1. d4 Nc6 2. Nf3 d6 3. Bg5 Nf6 4. Nbd2 g6 5. e4 Bg7 6. Bc4 0-0 7. c3 e6 8. Bb3 d5 9. e5 h6 10. Bxf6 Bxf6 11. exf6 Qxf6 12. Qe2 Bd7 13. Ne5 Nxe5 14. dxe5 Qg7 15. 0-0 a6 16. f4 Rfd8 17. Rf3 Bc6 18. Rh3 d4 19. cxd4 Rxd4 20. Rd3 Bb5 21. Bc4 Bxc4 22. Nxc4 Rxc4 23. Rad1 Rxf4 24. Rd8+ Rxd8 25. Rxd8+ Kh7 26. Rd7 Qf8 27. Rxc7 Kg7 28. Qe3 Rb4 29. Qf3 Rxb2 30. Qf6+ Kg8 31. h3 Rxa2 32. Kh2 b5 33. Rd7 b4 34. Rd8 b3 35. Rxf8+ Kxf8 36. Qd8+ Kg7 37. Qf6+ Kf8 38. Qd8+ Kg7 39. Qb6 Re2 40. Qxb3 Rxe5 41. Qc3 Kf6 42. Qf3+ Kg7 43. Qd3 Rd5 44. Qxa6 Kf6 45. Qa1+ Ke7 46. Qa7+ Kf6 47. Qb8 h5 48. Qf4+ Rf5 49. Qd4+ Ke7 50. Kg3 Rd5 51. Qb4+ Kf6 52. Kf4 Rf5+ 53. Ke4 Rd5 54. g4 hxg4 55. hxg4 Kg7 56. Qc3+ Kf8 57. Kf4 Ke7 58. Qc7+ Rd7 59. Qc5+ Kf6 60. g5+ Kg7 61. Qc3+ Kf8 62. Qc8+ Ke7 63. Qc5+ Ke8 64. Qb5 Ke7 65. Qb4+ Ke8 66. Ke5 Rd5+ 67. Kf6 Rf5+ 68. Kg7 e5 69. Qf8+ Kd7 70. Qc5 Ke6 71. Qc6+ Ke7 72. Qd5 Rxg5 73. Qxf7+ Kd8 74. Qf6+ Kd7 75. Qxg5 Ke6 76. Qxg6+ Kd5 1-0

[Event "Checkmate Covid Rematch"]
[Site "Chess.com INT"]
[Date "2021.06.05"]
[Round "?"]
[White "Allis, Richard"]
[Black "Chaplin, Peter Edward"]
[Result "0-1"]
[WhiteElo "2052"]
[BlackElo "2046"]
[PlyCount "34"]
[EventDate "2021.06.05"]
[EventType "swiss (blitz)"]
[EventRounds "20"]
[EventCountry "ENG"]
[SourceTitle "CBM 202 Extra"]
[Source "ChessBase"]
[SourceDate "2021.07.31"]
[SourceVersion "1"]
[SourceVersionDate "2021.07.31"]
[SourceQuality "1"]

1. d4 d6 2. Nf3 Bg4 3. e4 e5 4. dxe5 Nc6 5. exd6 Bxd6 6. Bb5 Qe7 7. Nbd2 0-0-0 8. Bxc6 bxc6 9. Qe2 Kb8 10. 0-0 Nf6 11. Re1 Nd7 12. h3 h5 13. hxg4 hxg4 14. Nd4 Qh4 15. Nxc6+ Ka8 16. f3 g3 17. Nf1 Qh1# 0-1

[Event "English Online Blitz Gp2"]
[Site "Chess.com INT"]
[Date "2020.05.09"]
[Round "2"]
[White "Taylor, Adam C"]
[Black "Allis, Richard"]
[Result "1-0"]
[WhiteElo "2347"]
[BlackElo "2052"]
[PlyCount "29"]
[EventDate "2020.05.09"]
[EventType "swiss (blitz)"]
[EventRounds "11"]
[EventCountry "ENG"]
[SourceTitle "CBM 196 Extra"]
[Source "ChessBase"]
[SourceDate "2020.07.31"]
[SourceVersion "1"]
[SourceVersionDate "2020.07.31"]
[SourceQuality "1"]

1. e4 e5 2. Nf3 Nc6 3. Bb5 a6 4. Ba4 Nf6 5. 0-0 b6 6. Re1 Bd6 7. d4 Qe7 8. Nc3 b5 9. Bb3 0-0 10. Bg5 h6 11. Nd5 Qd8 12. Nxf6+ gxf6 13. Bxh6 Re8 14. Nh4 Nxd4 15. Qg4+ 1-0

[Event "BCF-chT3N 1617 (4NCL)"]
[Site "England"]
[Date "2017.02.11"]
[Round "5.61"]
[White "Collins, Richard Arnold"]
[Black "Allis, Richard"]
[Result "0-1"]
[WhiteElo "1967"]
[BlackElo "2045"]
[PlyCount "164"]
[EventDate "2016.11.26"]
[EventType "team-swiss"]
[EventRounds "11"]
[EventCountry "ENG"]
[SourceTitle "EXT 2019"]
[Source "ChessBase"]
[SourceDate "2018.10.10"]
[SourceVersion "1"]
[SourceVersionDate "2018.10.10"]
[SourceQuality "1"]
[WhiteTeam "Manchester Manticores IV"]
[BlackTeam "Bradford DCA Knights II"]
[WhiteTeamCountry "ENG"]
[BlackTeamCountry "ENG"]

1. e4 d5 2. exd5 Nf6 3. Nc3 Nxd5 4. d4 c6 5. Nf3 Bf5 6. Bd3 Bxd3 7. Qxd3 e6 8. Nxd5 Qxd5 9. Bf4 Nd7 10. 0-0 Be7 11. Rfe1 g5 12. Bd2 g4 13. Ne5 Nxe5 14. Rxe5 Qd7 15. Re4 h5 16. c3 0-0-0 17. Qc4 Qd5 18. Qxd5 cxd5 19. Re2 Kd7 20. Rae1 Rc8 21. Bf4 Rc6 22. Be5 f6 23. Bf4 Bd6 24. Bxd6 Rxd6 25. f4 gxf3 26. gxf3 Rg8+ 27. Rg2 Rxg2+ 28. Kxg2 Ke7 29. Kh3 Kf7 30. Rg1 Rd8 31. Kh4 b5 32. Rc1 Rg8 33. Rc2 Rg5 34. b3 Rf5 35. Kg3 e5 36. h4 Rf4 37. a4 b4 38. cxb4 Rxd4 39. Rc7+ Kg6 40. Rxa7 Rxb4 41. Rd7 d4 42. a5 Rxb3 43. a6 Ra3 44. a7 Kf5 45. Rb7 d3 46. Rb3 Rxa7 47. Rxd3 Rg7+ 48. Kf2 Kf4 49. Ra3 Rd7 50. Ra2 f5 51. Rb2 Rd3 52. Rb4+ e4 53. fxe4 fxe4 54. Rb8 Rd2+ 55. Kg1 Kg3 56. Rb3+ Kxh4 57. Re3 Rd4 58. Kf2 Kg5 59. Rg3+ Kf4 60. Rh3 Rd2+ 61. Ke1 Rd5 62. Rh4+ Kf3 63. Rh3+ Kg4 64. Re3 Kf4 65. Rh3 Re5 66. Ke2 Kg4 67. Re3 h4 68. Kf2 Rf5+ 69. Kg1 Kf4 70. Rh3 Rd5 71. Kf1 Kg4 72. Re3 Rd4 73. Kg2 Rd2+ 74. Kh1 Kf4 75. Rh3 e3 76. Kg1 Rd1+ 77. Kg2 e2 78. Kh2 Rh1+ 79. Kxh1 e1Q+ 80. Kh2 Qf2+ 81. Kh1 Qe1+ 82. Kh2 Kg4 0-1

[Event "Wakefield 4NCL op 10th"]
[Site "Wakefield"]
[Date "2016.09.11"]
[Round "4"]
[White "Allis, Richard"]
[Black "Gardiner, Eric D"]
[Result "0-1"]
[WhiteElo "2084"]
[BlackElo "1925"]
[PlyCount "76"]
[EventDate "2016.09.09"]
[EventType "swiss"]
[EventRounds "5"]
[EventCountry "ENG"]
[SourceTitle "CBM 174 Extra"]
[Source "ChessBase"]
[SourceDate "2016.10.10"]
[SourceVersion "1"]
[SourceVersionDate "2016.10.10"]
[SourceQuality "1"]

1. d4 d5 2. c4 dxc4 3. Nc3 a6 4. a4 e5 5. d5 Nf6 6. Bg5 h6 7. Bxf6 Qxf6 8. e4 Bc5 9. Qc2 0-0 10. Bxc4 Qg6 11. Kf1 c6 12. Bd3 Bd4 13. Nf3 c5 14. Ne2 Qd6 15. h3 Nd7 16. g4 Nf6 17. Ng3 Bd7 18. a5 Rab8 19. Nd2 b5 20. axb6 Qxb6 21. Rb1 a5 22. Kg2 Qb4 23. b3 Qc3 24. Qxc3 Bxc3 25. Nc4 Bb5 26. Ne2 Bxc4 27. bxc4 Bb2 28. Bc2 Rb4 29. Ng3 Rfb8 30. Nf5 Kf8 31. Rhd1 g6 32. Ne3 a4 33. Rxb2 Rxb2 34. Bxa4 Nxe4 35. Bc2 Nd6 36. Kg3 Ra8 37. Kf3 Ra3 38. Bd3 Rxd3 0-1

[Event "BCF-chT3Nc 1516 (4NCL)"]
[Site "England"]
[Date "2016.05.02"]
[Round "11.57"]
[White "Green, Andrew"]
[Black "Allis, Richard"]
[Result "0-1"]
[WhiteElo "2153"]
[BlackElo "2064"]
[PlyCount "80"]
[EventDate "2016.03.20"]
[EventType "team-swiss"]
[EventRounds "11"]
[EventCountry "ENG"]
[SourceTitle "EXT 2017"]
[Source "ChessBase"]
[SourceDate "2016.10.25"]
[SourceVersion "1"]
[SourceVersionDate "2016.10.25"]
[SourceQuality "1"]
[WhiteTeam "Alba"]
[BlackTeam "Bradford DCA Knights"]
[WhiteTeamCountry "ENG"]
[BlackTeamCountry "ENG"]

1. d4 d5 2. Bf4 Nf6 3. e3 g6 4. Nf3 Bg7 5. Nc3 c6 6. Be2 Nbd7 7. Ne5 Qa5 8. Qd2 Nxe5 9. Bxe5 0-0 10. h4 b5 11. a3 Qd8 12. h5 Ne4 13. Nxe4 Bxe5 14. dxe5 dxe4 15. Qc3 Qb6 16. Qb4 c5 17. Qxe4 Bf5 18. Qh4 Bxc2 19. Rc1 Qa5+ 20. b4 cxb4 21. axb4 Qa2 22. Qxe7 Qb2 23. 0-0 Rfe8 24. Qf6 Re6 25. Qf4 Bf5 26. Bf3 Rd8 27. e4 Qxb4 28. Qg5 Rde8 29. exf5 Rxe5 30. Rb1 Qa4 31. Ra1 Qc4 32. Rxa7 Qxf1+ 33. Kh2 Rxf5 34. Qd2 Qe1 35. Qd4 gxh5 36. Qd7 Rxf3 37. gxf3 Qxf2+ 38. Kh3 Qxf3+ 39. Kh4 Re4+ 40. Kg5 Rg4+ 0-1

[Event "BCF-chT3Nc 1516 (4NCL)"]
[Site "England"]
[Date "2016.04.30"]
[Round "9.59"]
[White "Reed, John"]
[Black "Allis, Richard"]
[Result "1/2-1/2"]
[WhiteElo "2035"]
[BlackElo "2064"]
[PlyCount "80"]
[EventDate "2016.03.20"]
[EventType "team-swiss"]
[EventRounds "11"]
[EventCountry "ENG"]
[SourceTitle "EXT 2017"]
[Source "ChessBase"]
[SourceDate "2016.10.25"]
[SourceVersion "1"]
[SourceVersionDate "2016.10.25"]
[SourceQuality "1"]
[WhiteTeam "Manchester Manticores II"]
[BlackTeam "Bradford DCA Knights"]
[WhiteTeamCountry "ENG"]
[BlackTeamCountry "ENG"]

1. d4 f5 2. Nf3 Nf6 3. g3 d6 4. Bg2 Nbd7 5. d5 Nb6 6. Nc3 e5 7. dxe6 Bxe6 8. Ng5 Bc8 9. 0-0 d5 10. Nh3 c6 11. Bg5 Be7 12. e3 0-0 13. Ne2 Ne4 14. Bxe7 Qxe7 15. b3 Bd7 16. a4 Rad8 17. a5 Nc8 18. Qd4 g6 19. Rfd1 Ncd6 20. Nhf4 g5 21. Nd3 Rde8 22. c4 Be6 23. Nb2 c5 24. Qd3 dxc4 25. Nxc4 Rd8 26. Qc2 Nxc4 27. bxc4 Nd6 28. Bd5 Nf7 29. Nc3 Ne5 30. Qe2 g4 31. Bxe6+ Qxe6 32. Nd5 Nf3+ 33. Kg2 Qe4 34. Nf6+ Rxf6 35. Rxd8+ Kg7 36. Qd1 Nxh2+ 37. Kg1 Nf3+ 38. Kf1 Nh2+ 39. Kg1 Nf3+ 40. Kf1 Nh2+ 1/2-1/2

[Event "BCF-chT3Na 1516 (4NCL)"]
[Site "England"]
[Date "2016.01.16"]
[Round "3.66"]
[White "Rita, Joao Candido"]
[Black "Allis, Richard"]
[Result "1-0"]
[WhiteElo "2042"]
[BlackElo "2107"]
[PlyCount "161"]
[EventDate "2015.11.14"]
[EventType "team-swiss"]
[EventRounds "7"]
[EventCountry "ENG"]
[SourceTitle "CBM 170 Extra"]
[Source "ChessBase"]
[SourceDate "2016.02.25"]
[SourceVersion "1"]
[SourceVersionDate "2016.02.25"]
[SourceQuality "1"]
[WhiteTeam "3CS Oldham II"]
[BlackTeam "Bradford DCA Knights"]
[WhiteTeamCountry "ENG"]
[BlackTeamCountry "ENG"]

1. e4 e5 2. Nf3 Nc6 3. Bc4 d6 4. d4 exd4 5. Nxd4 Qh4 6. 0-0 Ne5 7. Nf3 Qe7 8. Nxe5 dxe5 9. b3 Be6 10. Ba3 c5 11. Bb5+ Bd7 12. Bxc5 Qe6 13. Bxf8 Bxb5 14. Bxg7 Rd8 15. Qc1 Bxf1 16. Qxf1 Ne7 17. Bxh8 f6 18. Bg7 Qg4 19. Nc3 Qxg7 20. Nb5 Nc6 21. Rd1 Qe7 22. Nc3 Nd4 23. Nd5 Qg7 24. c3 Ne6 25. Qb5+ Kf8 26. Rd3 Qf7 27. Rg3 b6 28. h3 Rd6 29. Qa6 Rd8 30. Rf3 Nc5 31. Qc4 Rd6 32. Rg3 Qe6 33. b4 Nxe4 34. Qxe4 Rxd5 35. Qxh7 Rd7 36. Qh8+ Ke7 37. Rg7+ Kd6 38. Qb8+ Kd5 39. Qa8+ Kd6 40. Qf8+ Kc7 41. Rxd7+ Kxd7 42. Qg7+ Kc8 43. Qxa7 e4 44. Qg7 e3 45. fxe3 Qxe3+ 46. Kh2 Qxc3 47. Qg8+ Kd7 48. Qg4+ Ke7 49. h4 Qe5+ 50. Qg3 Qh5 51. Kh3 Qf5+ 52. Qg4 Qd3+ 53. Qf3 Qd7+ 54. g4 Kf7 55. h5 Qd4 56. Kh4 Qg1 57. Qb7+ Kf8 58. Qc8+ Kf7 59. Qc7+ Ke8 60. Qc6+ Ke7 61. Qe4+ Kf8 62. Qf4 Qe1+ 63. Kh3 Qh1+ 64. Kg3 Qg1+ 65. Kf3 Qh1+ 66. Ke3 Qe1+ 67. Kd3 Qb1+ 68. Kc3 Qe1+ 69. Kc4 Qe2+ 70. Kd5 Qxa2+ 71. Kc6 Qa8+ 72. Kxb6 Qd8+ 73. Qc7 Qd2 74. b5 Kg8 75. Ka7 Qd4+ 76. Kb8 Qd5 77. b6 f5 78. gxf5 Kh8 79. h6 Qf7 80. Qc3+ Kg8 81. Qg7+ 1-0

[Event "BCF-chT3Na 1516 (4NCL)"]
[Site "England"]
[Date "2015.11.15"]
[Round "2.69"]
[White "Rahman, Yousuf"]
[Black "Allis, Richard"]
[Result "0-1"]
[WhiteElo "1829"]
[BlackElo "2093"]
[PlyCount "42"]
[EventDate "2015.11.14"]
[EventType "team-swiss"]
[EventRounds "7"]
[EventCountry "ENG"]
[SourceTitle "CBM 169 Extra"]
[Source "ChessBase"]
[SourceDate "2015.12.18"]
[SourceVersion "1"]
[SourceVersionDate "2015.12.18"]
[SourceQuality "1"]
[WhiteTeam "Broadland Bitterns"]
[BlackTeam "Bradford DCA Knights"]
[WhiteTeamCountry "ENG"]
[BlackTeamCountry "ENG"]

1. Nf3 f5 2. c4 c5 3. e3 Nf6 4. d4 e6 5. Nc3 d5 6. Bd3 Nc6 7. 0-0 Be7 8. cxd5 exd5 9. dxc5 0-0 10. Nd4 Ne4 11. Nxc6 bxc6 12. Bxe4 fxe4 13. b4 Bf6 14. Bb2 Ba6 15. Re1 Be5 16. Na4 Bxh2+ 17. Kxh2 Qh4+ 18. Kg1 Qxf2+ 19. Kh2 Rf3 20. Be5 Bc8 21. Qe2 Rh3# 0-1

[Event "BCF-chT3N 1415 (4NCL)"]
[Site "England"]
[Date "2015.01.10"]
[Round "3.66"]
[White "Allis, Richard"]
[Black "Mounce, Richard B"]
[Result "1-0"]
[WhiteElo "2029"]
[BlackElo "2040"]
[PlyCount "115"]
[EventDate "2014.11.15"]
[EventType "team-swiss"]
[EventRounds "6"]
[EventCountry "ENG"]
[SourceTitle "EXT 2016"]
[Source "ChessBase"]
[SourceDate "2015.10.08"]
[SourceVersion "1"]
[SourceVersionDate "2015.10.08"]
[SourceQuality "1"]
[WhiteTeam "Bradford DCA Knights"]
[BlackTeam "Jorvik"]
[WhiteTeamCountry "ENG"]
[BlackTeamCountry "ENG"]

1. f4 d5 2. Nf3 c5 3. d3 Nf6 4. Nbd2 Nc6 5. c3 d4 6. Nc4 Qc7 7. Nce5 dxc3 8. bxc3 Nxe5 9. fxe5 Nd5 10. e4 Nb6 11. Be2 g6 12. 0-0 Bg7 13. d4 0-0 14. Ba3 c4 15. Qe1 Bg4 16. Qh4 Bxf3 17. Rxf3 Nc8 18. Rh3 h6 19. Bc1 h5 20. Bxh5 gxh5 21. Qxh5 Rd8 22. Qh7+ Kf8 23. Bh6 Ke8 24. Bxg7 Qc6 25. Qg8+ Kd7 26. Qxf7 Kc7 27. Rh6 Qb5 28. Rf1 Kb8 29. Rh8 Rxh8 30. Bxh8 a6 31. Qd5 Qxd5 32. exd5 Kc7 33. Rf8 Nb6 34. Rxa8 Nxa8 35. g4 b5 36. Kf2 Nb6 37. g5 Kd7 38. e6+ Ke8 39. d6 exd6 40. d5 Nxd5 41. Bf6 a5 42. a3 Nf4 43. e7 Ng6 44. Ke3 Nxe7 45. Bxe7 Kxe7 46. Kd4 a4 47. h4 Kf7 48. Ke4 Kg6 49. Kf4 d5 50. h5+ Kg7 51. Kf5 b4 52. h6+ Kg8 53. Kf6 bxc3 54. g6 c2 55. h7+ Kh8 56. Kf7 c1Q 57. g7+ Kxh7 58. g8Q+ 1-0

[Event "BCF-ch rapidplay 28th"]
[Site "Leeds"]
[Date "2014.11.01"]
[Round "4"]
[White "Allis, Richard"]
[Black "Mannion, Stephen R"]
[Result "1/2-1/2"]
[WhiteElo "2029"]
[BlackElo "2345"]
[PlyCount "79"]
[EventDate "2014.11.01"]
[EventType "swiss (rapid)"]
[EventRounds "11"]
[EventCountry "ENG"]
[SourceTitle "EXT 2015"]
[Source "ChessBase"]
[SourceDate "2014.11.20"]
[SourceVersion "1"]
[SourceVersionDate "2014.11.20"]
[SourceQuality "1"]

1. e4 e5 2. Bc4 Nf6 3. d3 Nc6 4. f4 d5 5. exd5 Nxd5 6. fxe5 Nb6 7. Bb3 Nxe5 8. Qe2 Qh4+ 9. g3 Qe7 10. Bf4 f6 11. h3 Bd7 12. Bxe5 Qxe5 13. Qxe5+ fxe5 14. Nf3 Bd6 15. Nbd2 0-0-0 16. 0-0-0 h6 17. Rde1 Rde8 18. Ne4 Rhf8 19. Nfd2 Bc6 20. Rhf1 a5 21. a3 a4 22. Rxf8 Rxf8 23. Be6+ Kd8 24. c4 Be7 25. Kd1 Nd7 26. Rf1 Rxf1+ 27. Nxf1 Nc5 28. Nxc5 Bxc5 29. Nd2 Bd4 30. Kc2 Bf2 31. g4 Bg2 32. g5 hxg5 33. Ne4 Be3 34. b3 axb3+ 35. Kxb3 Ke7 36. Bg4 g6 37. Kc3 Bc1 38. a4 b6 39. Kc2 Be3 40. Kb3 1/2-1/2